00973nab a2200265 uc450000100070000000500170000700800410002403500110006503500210007604000130009704100080011010000390011824500830015765000410024065000400028165000360032170000490035770000450040670000430045170000400049470000430053477301010057794200100067899900190068863690820240201161410.0001120e19940402 spa  a636908 a(OCoLC)819861344 ccomduadb aspa10aHorwitz C., Nina4auteaut950393910aEstudio evaluativo del programa de capacitacion: talleres de atencion primaria aAtención primaria de salud9121350 aSistemas de salud - Colombia949344 aEstudios de evaluación95675010aMuñoz S., Maria Graciela4auteaut933268310aOchoa D., Jose Alberto4auteaut933268410aRingeling P., Isabel4auteaut933268510aSarue D., Eduardo4auteaut951370910aValdivia C., Gonzalo4auteaut93326860 tEducación Médica y Salud (Washington)gVol. 28 No. 02, p. 234-248w365542x0013-10910108761 cARIMP c166923d166923